000
00329nam a2200133Ia 4500
008
190415s9999 xx 000 0 und d
082
_a
TR.0097
100
_a
Ravichandran, R.
245
0
_a
Dravidar Kazhagam : A political study
250
_a
University of Madras
260
_c
1982
300
_a
260p. + C D - 51
942
_c
BK
999
_c
12877
_d
12877